书目信息 |
| 题名: |
薄膜材料
|
|
| 作者: | 苏雷什 , 弗罗伊德 著 ;卢磊 译 | |
| 分册: | ||
| 出版信息: | 北京 科学出版社 2007.01 |
|
| 页数: | 628页 | |
| 开本: | 25cm | |
| 丛书名: | ||
| 单 册: | ||
| 中图分类: | TB383 | |
| 科图分类: | ||
| 主题词: | 薄膜--bao mo--工程材料 | |
| 电子资源: | ||
| ISBN: | 9787030134271 | |
| 000 | 01059nam0 2200265 450 | |
| 001 | 012007347146 | |
| 005 | 20070622155628.31 | |
| 010 | @a9787030134271@b精装@dCNY86.00 | |
| 100 | @a20070417d2007 km y0chiy0120 ea | |
| 101 | 1 | @achi@ceng |
| 102 | @aCN@b110000 | |
| 105 | @aa a 001yy | |
| 200 | 1 | @a薄膜材料@Abao mo cai liao@e应力、缺陷的形成和表面演化@f(美) L.B.Freund,S.Suresh著@F(mei)L.B.Freund,S.Suresh zhu@g卢磊等译@Glu lei deng yi |
| 210 | @a北京@c科学出版社@d2007.01 | |
| 215 | @a628页@c图@d25cm | |
| 320 | @a有书目和索引。 | |
| 330 | @a本书全面、系统、深入地介绍了菌根学的概念、理论、方法、研究内容和进展、存在的问题和发展前景等内容。作者力求该书达到学术专著与教科书所同时具备的特点。 | |
| 517 | 1 | @a应力、缺陷的形成和表面演化@Aying li、que xian de xing cheng he biao mian yan hua |
| 606 | 0 | @a薄膜@Abao mo@x工程材料 |
| 690 | @aTB383@v4 | |
| 701 | 1 | @a苏雷什@Asu lei shen@g(Suresh, S.)@4著 |
| 701 | 1 | @a弗罗伊德@Afu luo yi de@g(Freund, L.B.)@4著 |
| 702 | 0 | @a卢磊@Alu lei@4译 |
| 801 | 0 | @aCN@c20070622 |
| 905 | @a10447@dTB383@eF598 | |
| 薄膜材料:应力、缺陷的形成和表面演化/(美) L.B.Freund,S.Suresh著/卢磊等译.-北京:科学出版社,2007.01 |
| 628页:图;25cm |
| ISBN 9787030134271(精装):CNY86.00 |
| 本书全面、系统、深入地介绍了菌根学的概念、理论、方法、研究内容和进展、存在的问题和发展前景等内容。作者力求该书达到学术专著与教科书所同时具备的特点。 |
| ● |
| 相关链接 |
|
|
|
正题名:薄膜材料
索取号:TB383/F598
 
预约/预借
| 序号 | 登录号 | 条形码 | 馆藏地/架位号 | 状态 | 备注 |
| 1 | 241759 | 202417599 | 自科库501/501自科库 14排1列2层/ [索取号:TB383/F598] | 在馆 |